POULTRY : (Record no. 5551)

MARC details
000 -LEADER
fixed length control field 00419nam a22001577a 4500
005 - DATE AND TIME OF LATEST TRANSACTION
control field 20170909113347.0
008 - FIXED-LENGTH DATA ELEMENTS--GENERAL INFORMATION
fixed length control field 170909b xxu||||| |||| 00| 0 eng d
020 ## - INTERNATIONAL STANDARD BOOK NUMBER
ISBN 978-93-272-5192-0
041 ## - LANGUAGE CODE
Language code of text/sound track or separate title eng
082 ## - DEWEY DECIMAL CLASSIFICATION NUMBER
Classification number 636.5
100 ## - MAIN ENTRY--AUTHOR NAME
Personal name PRASAD, JAGDISH
245 ## - TITLE STATEMENT
Title POULTRY :
Remainder of title Production and Management
Statement of responsibility, etc JAGDISH PRASAD
260 ## - PUBLICATION, DISTRIBUTION, ETC. (IMPRINT)
Place of publication LUDHIYANA
Name of publisher KALYANI PUBLISHERS
Year of publication 2000
300 ## - PHYSICAL DESCRIPTION
Number of Pages 398p.index 6
942 ## - ADDED ENTRY ELEMENTS (KOHA)
Koha item type Books
Holdings
Lost status Damaged status Collection code Home library Current library Shelving location Date acquired Source of acquisition Cost, normal purchase price Full call number Accession Number Koha item type
    AGRICULTURE JRU Library JRU Library SHELF-43-B 09/09/2017 PURCHESS 295.00 636.5 21892 Books
    AGRICULTURE JRU Library JRU Library SHELF-43-B 09/09/2017 PURCHESS 295.00 636.5 21893 Books
    AGRICULTURE JRU Library JRU Library SHELF-43-B 09/09/2017 PURCHESS 295.00 636.5 21894 Books
    AGRICULTURE JRU Library JRU Library SHELF-43-B 09/09/2017 PURCHESS 295.00 636.5 21895 Books
    AGRICULTURE JRU Library JRU Library SHELF-43-B 09/09/2017 PURCHESS 295.00 636.5 21896 Books